000 005990000a22001090004500
100 1 _aJunca, Humberto
245 1 0 _aEl jardinero infiel : Alberto Baraya, artista... plástico
300 _aVol.0, núm.9 (Junio, 2006), Páginas 18-19
520 _aDe la expediciópn botánica del siglo XIX Alberto Baraya tomó prestada la metodología pero en vez de clasificar plantas reales, se sumergió en el universo del plástico. ¿Por qué sorprende tanto la búsqueda de este artista que participará en la próxima Bienal de Sao Paulo?
773 0 _tArcadia / Andrés Felipe Solano, Editor
942 _cANA
999 _c61787
_d61787